000 00265nam a2200109Ia 4500
005 20251222154342.0
008 251222s9999||||xx |||||||||||||| ||spa||
082 _a860.6/D71
100 _a"Díaz-Plaja, Guillermo"
245 0 _aEspaña en si literatura
942 _cLIB
999 _c34578
_d34578